Creed- Higher Lyrics - Statistics

General Stats
  • This quiz has been taken 67 times
  • The average score is 184 of 275
Answer Stats
Answer % Correct
a
98%
me
98%
high
95%
higher
95%
place
95%
take
95%
to
95%
To
95%
you
95%
where
93%
"Can
90%
Can
90%
go
85%
blind
83%
men
83%
see?
83%
the
80%
The
80%
golden
78%
I
78%
with
78%
and
70%
streets?
70%
make
68%
When
65%
when
65%
dreams
63%
let
63%
on
63%
our
63%
there
63%
escape
60%
let's
60%
Let's
60%
So
60%
we
60%
Come
55%
I'm
55%
I"m
55%
stay
53%
stay?"
53%
again
50%
of
50%
Time
50%
time
50%
world
50%
dreaming
45%
all
43%
ask
43%
If
43%
my
43%
another
40%
like
40%
mine
40%
them
40%
It
38%
love
38%
these
38%
this
38%
would
38%
could
35%
for
35%
guided
35%
is
35%
nights
35%
there's
35%
Those
35%
those
35%
asleep
33%
Cause
33%
comfort
33%
don't
33%
From
33%
life
33%
same
33%
Up
33%
up
33%
wanna
33%
appreciate
30%
At
30%
awake
30%
change
30%
hunger
30%
I'd
30%
leave
30%
Although
28%
Earth
28%
friend
28%
live
28%
longing
28%
replace
28%
sacrifice
28%
strong
28%
sunrise
28%
enough
25%
fight
25%
hate
25%
helps
25%
only
25%
But
23%
difference
23%
feel
23%
alive
20%
first
20%
very
20%
Set
15%
No matching quizzes found
Score Distribution
Percent of People with Each Score
Percentile by Number Answered
Your Score History
You have not taken this quiz